000 00569nam a22001937a 4500
005 20230403074332.0
008 230403b |||||||| |||| 00| 0 eng d
020 _a978-0-7637-9798-0
082 _a620.00420285 H198 2011
100 _aHamad, Munir M.
_eauthor
245 _aAutoCAD 2011 essentials /
_cMunir M. Hamad
260 _aSudburry, MA:
_bJones & Barlett Learning,
_cc2011
300 _axiii, 389p.:
_bill.
504 _aIncludes index
541 _e3282
650 _aComputer graphics
650 _aComputer-aided design
650 _aAutoCAD (Computer file)
999 _c2091
_d2091